Kulcsár Kálmán Szegeden Erdei Ferenc-terem a jogi karon
Elmentve itt :
| Dokumentumtípus: | Cikk |
|---|---|
| Megjelent: |
1989-03-31
|
| Sorozat: | Délmagyarország
79 No. 76 |
| Kulcsszavak: | hazai politikusok látogatásai |
| Online Access: | http://dmarchiv.bibl.u-szeged.hu/112952 |
| LEADER | 00449nab a2200145 i 4500 | ||
|---|---|---|---|
| 001 | delm112952 | ||
| 005 | 20190923112940.0 | ||
| 008 | 190923s1989 hu o 0|| hun d | ||
| 040 | |a SZTE Délmagyarország Archívum |b hun | ||
| 041 | |a hun | ||
| 245 | 0 | 0 | |a Kulcsár Kálmán Szegeden |h [elektronikus dokumentum] : |b Erdei Ferenc-terem a jogi karon |
| 260 | |c 1989-03-31 | ||
| 300 | |a 5 | ||
| 490 | 0 | |a Délmagyarország |v 79 No. 76 | |
| 695 | |a hazai politikusok látogatásai | ||